000 00281nam a2200109 a 4500
005 20140414093833.0
008 970109s19uu xx 00 eng d
050 _aVHS 700
_bOR 18
245 _aMusic Magic Video Library :
_bUnusual Sound Sources.
942 _cAVM
999 _c108829
_d108829